[Event "Mittelfranken Landesliga Nord 2223"]
[Site "Mittelfranken"]
[Date "2022.12.11"]
[Round "4.3"]
[White "Muehling, Werner"]
[Black "Kraft, Volker"]
[Result "0-1"]
[WhiteElo "2018"]
[BlackElo "2327"]
[PlyCount "48"]
[EventDate "2022.10.09"]
[EventType "team-tourn"]
[EventRounds "9"]
[EventCountry "GER"]
[SourceTitle "EXT 2024"]
[Source "ChessBase"]
[SourceDate "2023.10.10"]
[SourceVersion "1"]
[SourceVersionDate "2023.10.10"]
[SourceQuality "1"]
[WhiteTeam "Schwandorf"]
[BlackTeam "Nuernberg Sued SW"]
[WhiteTeamCountry "GER"]
[BlackTeamCountry "GER"]

1. d4 Nf6 2. Nf3 g6 3. g3 Bg7 4. Bg2 0-0 5. 0-0 c5 6. c3 d5 7. Nbd2 cxd4 8. cxd4 Nc6 9. Nb3 a5 10. e3 Qd6 11. Bd2 b6 12. Re1 Ba6 13. Nc1 Ne4 14. Bf1 Bxf1 15. Rxf1 e5 16. dxe5 Nxe5 17. Nxe5 Qxe5 18. Nd3 Qf5 19. Qe2 Rfe8 20. f3 Nd6 21. Rac1 Nc4 22. g4 Qg5 23. b3 Nxd2 24. Qxd2 Bd4 0-1

[Event "Mittelfranken Landesliga Nord 2122"]
[Site "Mittelfranken"]
[Date "2021.10.24"]
[Round "1.4"]
[White "Muehling, Werner"]
[Black "Diller, Daniel"]
[Result "0-1"]
[WhiteElo "2034"]
[BlackElo "2187"]
[PlyCount "98"]
[EventDate "2021.10.24"]
[EventType "team-tourn"]
[EventRounds "9"]
[EventCountry "GER"]
[SourceTitle "EXT 2024"]
[Source "ChessBase"]
[SourceDate "2023.10.10"]
[SourceVersion "1"]
[SourceVersionDate "2023.10.10"]
[SourceQuality "1"]
[WhiteTeam "Schwandorf"]
[BlackTeam "Erlangen II"]
[WhiteTeamCountry "GER"]
[BlackTeamCountry "GER"]

1. d4 d5 2. Nf3 Nf6 3. h3 e6 4. e3 c5 5. c3 Nbd7 6. Bd3 Bd6 7. Nbd2 0-0 8. 0-0 e5 9. dxe5 Nxe5 10. Nxe5 Bxe5 11. e4 Bc7 12. exd5 Qxd5 13. Bc4 Qc6 14. Re1 Bf5 15. Qf3 Qd7 16. Nf1 Rfe8 17. Bg5 Be4 18. Qd1 Qf5 19. Bh4 Bc6 20. Rxe8+ Rxe8 21. Bg3 Qe4 22. f3 Qxc4 23. Bxc7 Qe2 24. Qxe2 Rxe2 25. Rb1 Bd5 26. a3 Bb3 27. Ng3 Rc2 28. Nf1 h6 29. Be5 Nd5 30. Re1 Nb6 31. c4 Bxc4 32. Ne3 Re2 33. Rxe2 Bxe2 34. Bd6 Nd7 35. Kf2 Bb5 36. Nd5 f6 37. b3 Kf7 38. Nc3 Bc6 39. Ke3 Ke6 40. Bc7 Bd5 41. Nxd5 Kxd5 42. Kd3 b5 43. Kc3 Ne5 44. h4 h5 45. Bb8 a6 46. Bc7 Nc6 47. b4 c4 48. Bh2 Nd4 49. Kd2 Nf5 0-1

[Event "Landesliga Nord 1920"]
[Site "Bayern"]
[Date "2020.02.09"]
[Round "6.7"]
[White "Neubauer, Jaroslaus"]
[Black "Muehling, Werner"]
[Result "1/2-1/2"]
[WhiteElo "1988"]
[BlackElo "2052"]
[PlyCount "48"]
[EventDate "2019.09.29"]
[EventType "team-tourn"]
[EventRounds "9"]
[EventCountry "GER"]
[SourceTitle "EXT 2021"]
[Source "ChessBase"]
[SourceDate "2020.10.23"]
[SourceVersion "1"]
[SourceVersionDate "2020.10.23"]
[SourceQuality "1"]
[WhiteTeam "Schweinfurt"]
[BlackTeam "Schwandorf"]
[WhiteTeamCountry "GER"]
[BlackTeamCountry "GER"]

1. e4 e5 2. Nf3 Nc6 3. Bc4 Bc5 4. 0-0 Nf6 5. d4 exd4 6. e5 d5 7. exf6 dxc4 8. Re1+ Kf8 9. fxg7+ Kxg7 10. Bg5 f6 11. Bh4 Bf5 12. Nbd2 Qd5 13. Bg3 Bd6 14. Nh4 Bg6 15. Qg4 Rhf8 16. Bxd6 cxd6 17. Re6 Ne5 18. Re7+ Nf7 19. Re2 b5 20. f4 Qh5 21. Qg3 Kh8 22. Ndf3 d3 23. cxd3 cxd3 24. Nxg6+ Qxg6 1/2-1/2

[Event "Regionalliga Nord-Ost 1718"]
[Site "Bayern"]
[Date "2018.02.04"]
[Round "6.7"]
[White "Schmidt, Johann1"]
[Black "Muehling, Werner"]
[Result "0-1"]
[WhiteElo "1793"]
[BlackElo "2030"]
[PlyCount "192"]
[EventDate "2017.10.22"]
[EventType "team-tourn"]
[EventRounds "9"]
[EventCountry "GER"]
[SourceTitle "EXT 2022"]
[Source "ChessBase"]
[SourceDate "2021.10.06"]
[SourceVersion "1"]
[SourceVersionDate "2021.10.06"]
[SourceQuality "1"]
[WhiteTeam "Weiden"]
[BlackTeam "Schwandorf"]
[WhiteTeamCountry "GER"]
[BlackTeamCountry "GER"]

1. d4 Nf6 2. Nf3 b6 3. g3 Bb7 4. Bg2 e6 5. 0-0 Be7 6. c4 0-0 7. Nc3 Ne4 8. Nxe4 Bxe4 9. Nd2 Bxg2 10. Kxg2 d5 11. e3 Nd7 12. cxd5 exd5 13. Nf3 Bd6 14. Qa4 Nf6 15. Bd2 Qe8 16. Qxe8 Rfxe8 17. Rfd1 Ne4 18. Be1 Kf8 19. b4 c6 20. Rac1 Rac8 21. Rc2 Ke7 22. Ng1 f5 23. Rd3 Kd7 24. f4 Rc7 25. Nf3 Rec8 26. Ne5+ Ke6 27. Ra3 a5 28. Ra4 Nf6 29. bxa5 b5 30. Rb4 Bxb4 31. Bxb4 Ne4 32. Nd3 Ra8 33. Kf3 Nd6 34. Nc5+ Kf7 35. Nd3 Nc4 36. Ne5+ Ke6 37. Nxc4 bxc4 38. Ke2 Rca7 39. a3 g6 40. Kd2 Kd7 41. Kc3 Rxa5 42. Bxa5 Rxa5 43. Ra2 Ra4 44. Kd2 Kd6 45. Kc3 c5 46. Ra1 Kc6 47. Ra2 Ra8 48. a4 Rb8 49. Ra3 Re8 50. Kd2 cxd4 51. exd4 Re4 52. a5 Rxd4+ 53. Kc2 Re4 54. a6 Re2+ 55. Kd1 Re8 56. a7 Ra8 57. Ra6+ Kc5 58. Kd2 d4 59. Ra5+ Kb6 60. Rd5 Rxa7 61. Rxd4 Kc5 62. Rd8 Ra2+ 63. Kc3 Rxh2 64. Rc8+ Kb5 65. Rb8+ Kc5 66. Rc8+ Kd5 67. Re8 Rh3 68. Re5+ Kd6 69. Re3 h5 70. Kxc4 h4 71. Rd3+ Ke6 72. gxh4 Rxh4 73. Rd4 Rh3 74. Kc5 Rc3+ 75. Kb4 Rc1 76. Kb3 Kf6 77. Rd7 Rf1 78. Rd4 g5 79. fxg5+ Kxg5 80. Kc3 Re1 81. Kd2 Re6 82. Rd8 Kf4 83. Rd4+ Kf3 84. Rd3+ Kf2 85. Rd4 Re4 86. Rd8 f4 87. Rd7 f3 88. Rd8 Kf1 89. Rd7 f2 90. Rd8 Re7 91. Ra8 Re1 92. Rg8 Re7 93. Ra8 Rf7 94. Rg8 Rd7+ 95. Ke3 Ke1 96. Ra8 Re7+ 0-1

[Event "Regionalliga NO 1617"]
[Site "Bayern"]
[Date "2017.02.19"]
[Round "6.8"]
[White "Muehling, Werner"]
[Black "Meulner, Fabian"]
[Result "0-1"]
[WhiteElo "2022"]
[BlackElo "2038"]
[PlyCount "106"]
[EventDate "2016.10.16"]
[EventType "team-tourn"]
[EventRounds "9"]
[EventCountry "GER"]
[SourceTitle "EXT 2019"]
[Source "ChessBase"]
[SourceDate "2018.10.10"]
[SourceVersion "1"]
[SourceVersionDate "2018.10.10"]
[SourceQuality "1"]
[WhiteTeam "Schwandorf"]
[BlackTeam "Nuernberg Sued SW II"]
[WhiteTeamCountry "GER"]
[BlackTeamCountry "GER"]

1. d4 Nf6 2. Nf3 e6 3. e3 c5 4. Bd3 b6 5. Qe2 Bb7 6. 0-0 Nc6 7. c3 d5 8. Nbd2 Be7 9. dxc5 bxc5 10. e4 0-0 11. e5 Nd7 12. Re1 h6 13. Nf1 c4 14. Bb1 Re8 15. h3 Nf8 16. Ng3 f6 17. Nh5 f5 18. Be3 a5 19. a4 Nb8 20. Bc2 Nbd7 21. Rad1 Nc5 22. Bxc5 Bxc5 23. Nd4 Nh7 24. f4 Qh4 25. Qf3 g6 26. Ng3 Rab8 27. Kh2 Bc8 28. Rb1 Bxd4 29. cxd4 Bd7 30. Ne2 Rb4 31. g3 Qe7 32. Qa3 Reb8 33. b3 Kf7 34. bxc4 dxc4 35. Nc3 Bc6 36. Rbd1 Nf8 37. Rd2 Qb7 38. Red1 Rd8 39. Kg1 h5 40. Qa2 Qb6 41. Kf2 g5 42. Ke3 h4 43. g4 gxf4+ 44. Kxf4 Ng6+ 45. Kg5 Rg8 46. gxf5 Nxe5+ 47. Kf4 Nd3+ 48. Rxd3 e5+ 49. Ke3 exd4+ 50. Kd2 dxc3+ 51. Kxc3 Rg2 52. Rd4 Rb3+ 53. Bxb3 Qb4# 0-1

[Event "Regionalliga NO 1617"]
[Site "Bayern"]
[Date "2017.02.05"]
[Round "5.6"]
[White "Goetz, Andreas"]
[Black "Muehling, Werner"]
[Result "1/2-1/2"]
[WhiteElo "2012"]
[BlackElo "2022"]
[PlyCount "74"]
[EventDate "2016.10.16"]
[EventType "team-tourn"]
[EventRounds "9"]
[EventCountry "GER"]
[SourceTitle "EXT 2019"]
[Source "ChessBase"]
[SourceDate "2018.10.10"]
[SourceVersion "1"]
[SourceVersionDate "2018.10.10"]
[SourceQuality "1"]
[WhiteTeam "Erlangen SC II"]
[BlackTeam "Schwandorf"]
[WhiteTeamCountry "GER"]
[BlackTeamCountry "GER"]

1. e4 e5 2. Nf3 Nc6 3. Bc4 Bc5 4. 0-0 Nf6 5. d3 d6 6. h3 Be6 7. Bb3 Qd7 8. Ng5 Bxb3 9. axb3 d5 10. exd5 Nxd5 11. Nc3 0-0-0 12. Nxd5 Qxd5 13. Ne4 Bf8 14. Nc3 Qd7 15. Be3 a6 16. Qf3 f5 17. Bg5 Nd4 18. Qd1 Be7 19. Bxe7 Qxe7 20. Re1 Qc5 21. Ra4 g6 22. Ne2 Rhe8 23. Nxd4 Rxd4 24. Rc4 Rxc4 25. bxc4 Qd4 26. b3 e4 27. dxe4 Qxd1 28. Rxd1 Rxe4 29. Kf1 b6 30. Rd5 Re6 31. Rd3 a5 32. h4 Re4 33. g3 Rg4 34. Ke2 h5 35. f4 Kb7 36. c5 b5 37. c3 Kc6 1/2-1/2

[Event "Regionalliga NO 1516"]
[Site "Bayern"]
[Date "2016.01.31"]
[Round "6.7"]
[White "Ludwig, Michael"]
[Black "Muehling, Werner"]
[Result "1/2-1/2"]
[WhiteElo "1898"]
[BlackElo "2022"]
[PlyCount "66"]
[EventDate "2015.10.11"]
[EventType "team-tourn"]
[EventRounds "9"]
[EventCountry "GER"]
[SourceTitle "EXT 2018"]
[Source "ChessBase"]
[SourceDate "2017.10.13"]
[SourceVersion "1"]
[SourceVersionDate "2017.10.13"]
[SourceQuality "1"]
[WhiteTeam "Buechenbach/Roth"]
[BlackTeam "Schwandorf"]
[WhiteTeamCountry "GER"]
[BlackTeamCountry "GER"]

1. e4 e5 2. Nf3 Nc6 3. Bc4 Bc5 4. c3 Nf6 5. d3 d6 6. Bb3 Bb6 7. h3 Be6 8. Nbd2 h6 9. Nf1 0-0 10. Ng3 Qd7 11. Bc2 Rad8 12. Ba4 Qc8 13. Nh4 Ne7 14. Qf3 Nh7 15. Nhf5 Bxf5 16. Nxf5 Nxf5 17. exf5 Nf6 18. g4 e4 19. dxe4 Nxe4 20. Be3 Bxe3 21. fxe3 d5 22. 0-0-0 c6 23. h4 f6 24. Bc2 Nd6 25. Rdf1 Nf7 26. Rfg1 Rde8 27. g5 fxg5 28. hxg5 Nxg5 29. Rxg5 hxg5 30. Qh5 Rf6 31. Qh7+ Kf7 32. Qh5+ Kg8 33. Qh7+ Kf7 1/2-1/2

[Event "Regionalliga NO 1516"]
[Site "Bayern"]
[Date "2016.01.17"]
[Round "5.7"]
[White "Dechant, Georg"]
[Black "Muehling, Werner"]
[Result "0-1"]
[WhiteElo "1919"]
[BlackElo "2022"]
[PlyCount "83"]
[EventDate "2015.10.11"]
[EventType "team-tourn"]
[EventRounds "9"]
[EventCountry "GER"]
[SourceTitle "EXT 2018"]
[Source "ChessBase"]
[SourceDate "2017.10.13"]
[SourceVersion "1"]
[SourceVersionDate "2017.10.13"]
[SourceQuality "1"]
[WhiteTeam "Regensburg Bavaria"]
[BlackTeam "Schwandorf"]
[WhiteTeamCountry "GER"]
[BlackTeamCountry "GER"]

1. e4 e5 2. Nf3 Nc6 3. Bb5 a6 4. Ba4 Nf6 5. 0-0 Nxe4 6. d4 b5 7. Bb3 d5 8. dxe5 Be6 9. Qe2 Bc5 10. Nbd2 Bf5 11. Nxe4 Bxe4 12. Ng5 Nd4 13. Qe1 Bf5 14. Be3 h6 15. Bxd4 Bxd4 16. Nf3 Bxb2 17. Rb1 Ba3 18. Rd1 c6 19. Qc3 Bd7 20. e6 fxe6 21. Qxg7 Rf8 22. Qg6+ Ke7 23. Ne5 Qe8 24. Qg7+ Kd8 25. c4 bxc4 26. Bxc4 Qe7 27. Qxh6 Bd6 28. Ng6 Qf6 29. Qh7 Rf7 30. Qh5 Be8 31. Qh4 Qxh4 32. Nxh4 Rf4 33. Bxd5 cxd5 34. g3 Ra4 35. Rfe1 Kd7 36. f4 Bh5 37. Rd3 Rg8 38. Kh1 a5 39. f5 e5 40. h3 Rxh4 41. gxh4 e4 42. Rg1 0-1

[Event "Regionalliga NO 1415"]
[Site "Bayern"]
[Date "2015.01.18"]
[Round "5.2"]
[White "Muehling, Werner"]
[Black "Erlbeck, Peter"]
[Result "0-1"]
[WhiteElo "2022"]
[BlackElo "1964"]
[PlyCount "33"]
[EventDate "2014.10.19"]
[EventType "team-tourn"]
[EventRounds "9"]
[EventCountry "GER"]
[SourceTitle "EXT 2018"]
[Source "ChessBase"]
[SourceDate "2017.10.13"]
[SourceVersion "1"]
[SourceVersionDate "2017.10.13"]
[SourceQuality "1"]
[WhiteTeam "Schwandorf"]
[BlackTeam "Nuernberg Sued SW II"]
[WhiteTeamCountry "GER"]
[BlackTeamCountry "GER"]

1. d4 f5 2. e4 fxe4 3. Nc3 Nf6 4. Bg5 Nc6 5. f3 d5 6. Bb5 Bf5 7. g4 Bg6 8. Bxf6 exf6 9. fxe4 Bb4 10. exd5 Qxd5 11. Qe2+ Kf8 12. 0-0-0 Bxc3 13. bxc3 Qxa2 14. Bc4 Qa3+ 15. Kd2 Re8 16. Qf2 Na5 17. Bd3 0-1

[Event "Regionalliga NO 1314"]
[Site "Bayern"]
[Date "2014.01.19"]
[Round "5.2"]
[White "Mueller, Christian2"]
[Black "Muehling, Werner"]
[Result "1/2-1/2"]
[WhiteElo "2075"]
[BlackElo "2072"]
[PlyCount "28"]
[EventDate "2013.10.13"]
[EventType "team-tourn"]
[EventRounds "9"]
[EventCountry "GER"]
[SourceTitle "EXT 2015"]
[Source "ChessBase"]
[SourceDate "2014.11.20"]
[SourceVersion "1"]
[SourceVersionDate "2014.11.20"]
[SourceQuality "1"]
[WhiteTeam "Windischeschenbach"]
[BlackTeam "Schwandorf"]
[WhiteTeamCountry "GER"]
[BlackTeamCountry "GER"]

1. e4 e5 2. Nf3 Nc6 3. c3 Nf6 4. d3 d5 5. Qc2 Be7 6. Be2 0-0 7. 0-0 h6 8. Nbd2 Be6 9. b4 a6 10. a3 Qd7 11. Re1 Ne8 12. Bf1 f6 13. Bb2 Nd6 14. Rad1 Rfe8 1/2-1/2

[Event "Regionalliga NO 1314"]
[Site "Bayern"]
[Date "2013.12.15"]
[Round "4.4"]
[White "Muehling, Werner"]
[Black "Erlbeck, Peter"]
[Result "1/2-1/2"]
[WhiteElo "2072"]
[BlackElo "2073"]
[PlyCount "110"]
[EventDate "2013.10.13"]
[EventType "team-tourn"]
[EventRounds "9"]
[EventCountry "GER"]
[SourceTitle "EXT 2015"]
[Source "ChessBase"]
[SourceDate "2014.11.20"]
[SourceVersion "1"]
[SourceVersionDate "2014.11.20"]
[SourceQuality "1"]
[WhiteTeam "Schwandorf"]
[BlackTeam "Nuernberg Sued SW II"]
[WhiteTeamCountry "GER"]
[BlackTeamCountry "GER"]

1. d4 f5 2. e4 fxe4 3. Nc3 Nf6 4. Bg5 Nc6 5. f3 d5 6. Bb5 Qd6 7. Qd2 Bf5 8. Bf4 Qd7 9. g4 Bg6 10. g5 Nh5 11. fxe4 dxe4 12. d5 a6 13. Ba4 b5 14. Nxb5 Nxf4 15. Na7 Qg4 16. Nxc6 Ng2+ 17. Kf1 e3 18. Qxg2 Qxa4 19. b3 Qf4+ 20. Qf3 Qxf3+ 21. Nxf3 Be4 22. Ke2 Bxd5 23. Nb4 Bb7 24. Nd3 e6 25. Kxe3 Bd6 26. Rhf1 0-0 27. Nfe5 Rf5 28. Rxf5 exf5 29. Kd4 Rd8 30. Kc3 Re8 31. Re1 Be4 32. Nc4 Bxh2 33. Nc5 Bg3 34. Rd1 Bf4 35. Nxa6 c6 36. Rg1 Ra8 37. Nc5 Rxa2 38. Nxe4 fxe4 39. Rg4 Bc1 40. g6 hxg6 41. Rxg6 Kf7 42. Rxc6 e3 43. Kd3 Ra7 44. Nxe3 Rd7+ 45. Ke2 Re7 46. Rc3 g5 47. Kf3 Kg6 48. Rc6+ Kh5 49. Rh6+ Kxh6 50. Nf5+ Kg6 51. Nxe7+ Kf6 52. Nc6 Ke6 53. Ke4 Kd6 54. Ne5 Ke6 55. c4 Bf4 1/2-1/2

[Event "Regionalliga NO 1213"]
[Site "Bayern"]
[Date "2013.01.13"]
[Round "5.3"]
[White "Muehling, Werner"]
[Black "Lutz, Thomas"]
[Result "1/2-1/2"]
[WhiteElo "2084"]
[BlackElo "1971"]
[PlyCount "31"]
[EventDate "2012.10.14"]
[EventType "team-tourn"]
[EventRounds "9"]
[EventCountry "GER"]
[SourceTitle "EXT 2015"]
[Source "ChessBase"]
[SourceDate "2014.11.20"]
[SourceVersion "1"]
[SourceVersionDate "2014.11.20"]
[SourceQuality "1"]
[WhiteTeam "Schwandorf"]
[BlackTeam "Bechhofen"]
[WhiteTeamCountry "GER"]
[BlackTeamCountry "GER"]

1. d4 c5 2. e3 cxd4 3. exd4 d5 4. Bd3 Nc6 5. c3 Nf6 6. Bf4 Bg4 7. Qb3 Qd7 8. Nd2 a6 9. Qb6 Rc8 10. h3 Bh5 11. Ngf3 Bxf3 12. Nxf3 e6 13. 0-0 Be7 14. Rfe1 0-0 15. Ne5 Nxe5 16. Bxe5 1/2-1/2

[Event "Landesliga Nord 1011"]
[Site "Bayern"]
[Date "2011.02.06"]
[Round "6.3"]
[White "Seidens, Udo"]
[Black "Muehling, Werner"]
[Result "1-0"]
[WhiteElo "2172"]
[BlackElo "2080"]
[PlyCount "117"]
[EventDate "2010.10.10"]
[EventType "team-tourn"]
[EventRounds "9"]
[EventCountry "GER"]
[SourceTitle "EXT 2012"]
[Source "ChessBase"]
[SourceDate "2011.11.24"]
[SourceVersion "1"]
[SourceVersionDate "2011.11.24"]
[SourceQuality "1"]
[WhiteTeam "Schweinfurt"]
[BlackTeam "Schwandorf"]
[WhiteTeamCountry "GER"]
[BlackTeamCountry "GER"]

1. c4 e6 2. g3 d5 3. Nf3 Nf6 4. Bg2 Be7 5. 0-0 Nbd7 6. Qc2 0-0 7. d3 c5 8. e4 dxe4 9. dxe4 e5 10. Rd1 Qc7 11. Nc3 a6 12. h3 Re8 13. Be3 Nf8 14. Nd5 Nxd5 15. cxd5 Nd7 16. Rac1 b5 17. b3 Bb7 18. Rd2 Bd6 19. Nh4 g6 20. Bh6 Rac8 21. Qd1 Nb6 22. Qf3 Qd8 23. Bf1 Rc7 24. a4 bxa4 25. bxa4 Nd7 26. Rb2 Bc8 27. Rcb1 Be7 28. Ng2 Bg5 29. Bxg5 Qxg5 30. Ne3 Qf6 31. Qd1 Nf8 32. Rb6 Qg7 33. Qc2 Nd7 34. Rc6 Ra7 35. Nc4 Rd8 36. Nd6 Qf8 37. a5 Ra8 38. Nc4 Nb8 39. Rc7 Nd7 40. Qc3 Qe7 41. Rb3 Qe8 42. h4 Nf6 43. Bg2 Nd7 44. Rb2 f6 45. Bf1 Rb8 46. Rxb8 Nxb8 47. Rxc5 Bg4 48. Bg2 Bd7 49. Nb6 Bb5 50. Rc7 Qf8 51. Bh3 Qd6 52. Nc8 Qf8 53. Ne7+ Kh8 54. h5 Bd7 55. Bxd7 Rxd7 56. Rc8 Rd8 57. Qc7 Rxc8 58. Nxc8 Qb4 59. h6 1-0